Ekonomičeskoje sotrudničestvo černomorskich stran.

Skúsený turecký diplomat prispieva k vypracovaniu projektu hospodárskej spolupráce krajín čiernomorského regiónu. Už nie národný štát, ale región sa stáva rozhodujúcim faktorom medzinárodnej spolupráce - a to nielen v Európe, ale na celom svete. Každé hospodárske zoskupenie má nevyhnutne i určitú st...

Descrizione completa

Salvato in:
Dettagli Bibliografici
Autore principale: Bleda, T.
Natura: Capitolo di libro
Lingua:russo
Soggetti:
Tags: Aggiungi Tag
Nessun Tag, puoi essere il primo ad aggiungerne!!

MARC

LEADER 00000naa a2200000 4500
001 r007937
005 20221125115112.4
041 0 |a rus 
044 |a [YU] 
245 1 0 |a Ekonomičeskoje sotrudničestvo černomorskich stran.  |c T. Bleda 
520 |a Skúsený turecký diplomat prispieva k vypracovaniu projektu hospodárskej spolupráce krajín čiernomorského regiónu. Už nie národný štát, ale región sa stáva rozhodujúcim faktorom medzinárodnej spolupráce - a to nielen v Európe, ale na celom svete. Každé hospodárske zoskupenie má nevyhnutne i určitú stránku politickú. 
610 2 0 |a spolupráca hospodárska medzinárodná 
610 2 0 |a regióny ekonomické 
610 2 0 |a štát 
610 2 0 |a Európa 
610 2 0 |a Balkán 
100 1 |a Bleda, T.